000 00305cam a22001211 4500
020 _a9780064401487
100 1 _aMacDonald, Betty Bard.
245 1 0 _aMrs. Piggle-Wiggle's magic;
250 _a[1st ed.]
260 _aPhiladelphia,
_bJ.B. Lippincott Co.
_c[1949]
300 _a126 p.
_billus.
942 _cBK
999 _c266115
_d266114